[Event "London Classic U1825 op 10th"]
[Site "London"]
[Date "2018.12.16"]
[Round "4"]
[White "Klotsas, Panagiotis"]
[Black "O'Hanlon, Pat"]
[Result "1/2-1/2"]
[WhiteElo "1727"]
[BlackElo "1605"]
[PlyCount "88"]
[EventDate "2018.12.14"]
[EventType "swiss"]
[EventRounds "5"]
[EventCountry "ENG"]
[SourceTitle "CBM 187 Extra"]
[Source "ChessBase"]
[SourceDate "2018.11.04"]
[SourceVersion "1"]
[SourceVersionDate "2018.11.04"]
[SourceQuality "1"]

1. d4 d5 2. Bf4 Nf6 3. Nf3 c5 4. e3 Nc6 5. Be2 Qb6 6. b3 Bf5 7. 0-0 e6 8. c3 Nh5 9. dxc5 Bxc5 10. Be5 Nxe5 11. Nxe5 Nf6 12. Nf3 0-0 13. Nd4 Bg6 14. Nd2 Rac8 15. N2f3 Ne4 16. c4 Nc3 17. Qc1 Nxe2+ 18. Nxe2 dxc4 19. Ne5 Rfd8 20. Nxc4 Qc7 21. Rd1 Be7 22. Rxd8+ Qxd8 23. Qd1 Bf6 24. Qxd8+ Rxd8 25. Rc1 h6 26. h3 b5 27. Na5 Rd2 28. Rc8+ Kh7 29. Nd4 Rxa2 30. Nac6 Bxd4 31. Nxd4 a6 32. Rc1 Bd3 33. f3 Kg6 34. Nc6 Rd2 35. Ra1 Kf6 36. Rxa6 Rb2 37. Nd4 h5 38. Ra5 h4 39. Nxb5 Bc2 40. Nd4 Bxb3 41. Rb5 Rb1+ 42. Kh2 Ba2 43. Rxb1 Bxb1 44. Nb3 e5 1/2-1/2

[Event "London Classic op U1600 8th"]
[Site "London"]
[Date "2016.12.11"]
[Round "5"]
[White "Klotsas, Panagiotis"]
[Black "Keetley, Peter"]
[Result "1/2-1/2"]
[WhiteElo "1450"]
[BlackElo "1285"]
[PlyCount "78"]
[EventDate "2016.12.09"]
[EventType "swiss"]
[EventRounds "5"]
[EventCountry "ENG"]
[SourceTitle "EXT 2019"]
[Source "ChessBase"]
[SourceDate "2018.10.10"]
[SourceVersion "1"]
[SourceVersionDate "2018.10.10"]
[SourceQuality "1"]

1. d4 Nf6 2. Bf4 d5 3. e3 e6 4. c4 c5 5. Nf3 Bd6 6. Ne5 Nc6 7. Qa4 Qc7 8. cxd5 Nxd5 9. Nxc6 bxc6 10. Bxd6 Qxd6 11. Be2 cxd4 12. Qxd4 Qb4+ 13. Qxb4 Nxb4 14. Na3 0-0 15. 0-0 Rd8 16. Nc4 Ba6 17. b3 Bxc4 18. Bxc4 Nc2 19. Rac1 Nb4 20. a4 a5 21. g3 Rd2 22. Rfd1 Rad8 23. Rxd2 Rxd2 24. Bb5 Rd6 25. Kg2 Kf8 26. Bc4 f5 27. Be2 Rd2 28. Bc4 Ke7 29. Kf1 Kd7 30. Re1 Nd3 31. Bxd3 Rxd3 32. Rb1 c5 33. Ke2 Rd5 34. Rd1 Kc6 35. Rxd5 Kxd5 36. Kd3 e5 37. f4 exf4 38. exf4 g6 39. h3 h6 1/2-1/2

[Event "London Classic op U1600 8th"]
[Site "London"]
[Date "2016.12.11"]
[Round "4"]
[White "Muralidharan, M."]
[Black "Klotsas, Panagiotis"]
[Result "1-0"]
[WhiteElo "1282"]
[BlackElo "1450"]
[PlyCount "149"]
[EventDate "2016.12.09"]
[EventType "swiss"]
[EventRounds "5"]
[EventCountry "ENG"]
[SourceTitle "EXT 2019"]
[Source "ChessBase"]
[SourceDate "2018.10.10"]
[SourceVersion "1"]
[SourceVersionDate "2018.10.10"]
[SourceQuality "1"]

1. d4 d5 2. c4 e6 3. Nc3 Nf6 4. Bg5 Be7 5. Nf3 Nc6 6. e3 0-0 7. a3 a6 8. cxd5 Nxd5 9. Bxe7 Qxe7 10. Nxd5 exd5 11. Bd3 Bg4 12. 0-0 Qf6 13. Be2 Bxf3 14. Bxf3 Rad8 15. Qb3 Na5 16. Qc3 Qb6 17. b4 Nc4 18. Bxd5 Rxd5 19. Qxc4 Rh5 20. Rac1 c6 21. Qe2 Rh6 22. Qf3 Qc7 23. Qg3 Qd7 24. Rc5 f6 25. d5 Rg6 26. dxc6 bxc6 27. Qf3 Rc8 28. Rd1 Qe6 29. Qf5 Qe8 30. Qd7 Qf8 31. Rxc6 Rxc6 32. Qxc6 h6 33. Qd6 Qa8 34. Qd8+ Qxd8 35. Rxd8+ Kh7 36. Rd6 Rg5 37. Rxa6 Rd5 38. g3 Rb5 39. Ra5 Rb6 40. b5 Kg6 41. a4 Kf5 42. Ra6 Rb7 43. b6 Ke4 44. Kg2 g6 45. a5 Kd5 46. Ra7 Rb8 47. b7 Kc6 48. a6 Kb6 49. Ra8 Kc7 50. a7 Rxb7 51. Rc8+ Kxc8 52. a8Q+ Kc7 53. Qa5+ Kb8 54. Qd8+ Ka7 55. Qxf6 Rb6 56. Qg7+ Ka6 57. Qxh6 Ka7 58. e4 Ka6 59. e5 Ka5 60. Qd2+ Ka6 61. Qa2+ Kb7 62. e6 Kc7 63. Qa7+ Rb7 64. Qxb7+ Kxb7 65. e7 Kb6 66. e8Q g5 67. Kf3 Kc5 68. Qd7 g4+ 69. Ke4 Kc4 70. Qc6+ Kb3 71. Kd3 Kb2 72. Qc3+ Kb1 73. Qd2 Ka1 74. Kc3 Kb1 75. Qb2# 1-0

[Event "London Classic op U1600 8th"]
[Site "London"]
[Date "2016.12.10"]
[Round "3"]
[White "Klotsas, Panagiotis"]
[Black "Stewart, Hari"]
[Result "1-0"]
[WhiteElo "1450"]
[BlackElo "1345"]
[PlyCount "93"]
[EventDate "2016.12.09"]
[EventType "swiss"]
[EventRounds "5"]
[EventCountry "ENG"]
[SourceTitle "EXT 2019"]
[Source "ChessBase"]
[SourceDate "2018.10.10"]
[SourceVersion "1"]
[SourceVersionDate "2018.10.10"]
[SourceQuality "1"]

1. d4 d5 2. Bf4 Nf6 3. e3 Bf5 4. Nf3 e6 5. Be2 Be7 6. 0-0 0-0 7. Nbd2 Nbd7 8. a3 c5 9. c4 Qb6 10. Qb3 Ne4 11. Qxb6 Nxb6 12. cxd5 Nxd5 13. Bg3 Nxd2 14. Nxd2 Bg6 15. dxc5 Bxc5 16. e4 Nf6 17. e5 Nd7 18. Rfd1 Bd4 19. Nc4 Nxe5 20. Bxe5 Bxe5 21. Nxe5 Bf5 22. Bf3 Rab8 23. Nd7 Rbd8 24. Nxf8 Rxd1+ 25. Rxd1 Kxf8 26. Bxb7 Ke7 27. f3 h5 28. Be4 Bxe4 29. fxe4 f5 30. exf5 exf5 31. b4 g5 32. b5 g4 33. a4 f4 34. a5 h4 35. Rf1 a6 36. bxa6 f3 37. gxf3 gxf3 38. Rxf3 h3 39. a7 Kd7 40. a8Q Kc7 41. Rc3+ Kd7 42. Qd5+ Ke7 43. Re3+ Kf6 44. Qe6+ Kg5 45. Qf7 Kg4 46. Rg3+ Kh4 47. Qh7# 1-0